Entry Nombre personal
001 - NÚMERO DE CONTROL
- campo de control: 18214
003 - IDENTIFICADOR DE NÚMERO DE CONTROL
- campo de control: SpMaBN
005 - FECHA Y HORA DE LA ÚLTIMA TRANSACCIÓN
- campo de control: 20230621215209.0
008 - ELEMENTOS DE DATO DE LONGITUD-FIJA
- campo de control de longitud fija: 900725nn aijnnaabn n aaa
016 ## - NÚMERO DE CONTROL DE UNA AGENCIA BIBLIOGRÁFICA NACIONAL
- Número de control del registro: BNE19960798240
024 7# - IDENTIFICADOR DE OTROS ESTÁNDARES
- Número estándar o código: http://viaf.org/viaf/86929840/
- Fuente: viaf
040 ## - FUENTE DE CATALOGACIÓN
- Centro catalogador/agencia de origen: SpMaBN
- Lengua de catalogación: spa
- Centro/agencia transcriptor: SpMaBN
- Normas de descripción: rdc
- Convención/Normas de encabezamiento de materia/tesauro: embne
- Centro/agencia modificador: ES-MaACL
046 ## - FECHAS CON CODIFICACIÓN ESPECIAL
- Fecha de nacimiento: 1886~
- Fuente del esquema de fecha: edtf
- Fecha de la muerte: 1934
100 1# - ENCABEZAMIENTO-NOMBRE DE PERSONA
- Nombre de persona: Acedo, Manuel,
- Fechas asociadas al nombre: ca. 1886-1934
370 ## - LUGAR ASOCIADO
- Lugar de nacimiento: España, Andalucía, Jaén (Provincia), Linares
370 ## - LUGAR ASOCIADO
- Lugar de fallecimiento: España, Andalucía, Cádiz (Provincia), Jerez de la Frontera
374 ## - OCUPACIÓN
- Ocupación: Periodistas
- Ocupación: Escritores
375 ## - GÉNERO/SEXO
- Género: Masculino
377 ## - IDIOMA ASOCIADO
- Término de lengua/lenguaje: Español
400 1# - TRAZADO DE VÉASE--NOMBRE DE PERSONA
- Nombre de persona: Acedo Delgado, Manuel,
- Fechas asociadas al nombre: ca. 1886-1934
670 ## - FUENTE DE DATOS ENCONTRADOS
- Cita de la fuente: Paleografía, 1928;
- Información encontrada: port. (Manuel Acedo)
670 ## - FUENTE DE DATOS ENCONTRADOS
- Cita de la fuente: Agricultura, 1911;
- Información encontrada: port. (Manuel Acedo)
670 ## - FUENTE DE DATOS ENCONTRADOS
- Cita de la fuente: Espasa;
- Información encontrada: (Acedo, Manuel; periodista y escritor andaluz; es tambien autor de obras de historia)
670 ## - FUENTE DE DATOS ENCONTRADOS
- Cita de la fuente: WWW Diccionario biográfico RAH, 7-1-2021;
- Información encontrada: (Acedo Delgado, Manuel. Linares c. 1886–Jerez de la Frontera 1934. Periodista, investigador y escritor)
- Identificador Uniforme de Recursos: http://dbe.rah.es/biografias/55902/manuel-acedo-delgado
670 ## - FUENTE DE DATOS ENCONTRADOS
- Cita de la fuente: WWW Bn España aut., 21-6-2023;
- Información encontrada: (Acedo, Manuel, ca. 1886-1934)
955 ## - CATALOGADOR - EDICIÓN
- Nombre del catalogador: Julia Mas Vieira
